000 01071nam a2200325 a 4500
001 57734
003 CO-BoRNBP
005 20250730090555.0
007 ta
008 881012s1980 sp a r 00011dspa d
020 _a8470801112
040 _aCO-BoBLA
_bspa
_cCO-BoBLA
041 0 _aspa
043 _ae-fr---
082 0 4 _aI843.76
_bC15
_219 ed.
100 1 _aDumas, Alejandro,
_d1802-1870.
_961445
245 1 3 _aEl camino de varennes /
_cAlexandre Dumas ; traducción de Enrique L. de Verneuil ; ilustraciones de Pilarín Bayés.
250 _a2a. ed.
_bcorregida y aumentada.
300 _a202 p. :
_bil. ;
_c18 cm.
336 _2rdacontent
_atexto
_btxt
337 _2rdamedia
_asin mediación
_bn
338 _2rdacarrier
_avolumen
_bnc
650 7 _aNovela francesa.
_2BLAAUTO
_92629
650 7 _aLiteratura juvenil.
_2BLAAUTO
_9314
700 1 _aVerneuil, Enrique Leopoldo de,
_etr.
_961446
700 1 _aBayés i de Luna, Pilarín,
_d1941-
_eil.
_961447
830 0 _aJorge Ortega Torres-Colección
_942595
942 _2ddc
_cBK
949 _an
_bn
999 _c57734
_d57734